Normal view
MARC view
Entry Personal Name
001 - CONTROL NUMBER
- control field: 1077261
003 - CONTROL NUMBER IDENTIFIER
- control field: OSt
005 - DATE AND TIME OF LATEST TRANSACTION
- control field: 20260121171525.0
008 - FIXED-LENGTH DATA ELEMENTS
- fixed length control field: 260121|| aca||aabn | a|a d
040 ## - CATALOGING SOURCE
- Original cataloging agency: OSt
- Transcribing agency: OSt
100 ## - HEADING--PERSONAL NAME
- Personal name: Ghada Bassioni, Cheikh M.F. Kebe, Assane Gueye, Ababacar Ndiaye
670 ## - SOURCE DATA FOUND
- Source citation: Work cat.: (OSt)1642991: Ghada Bassioni, Cheikh M.F. Kebe, Assane Gueye, Ababacar Ndiaye, Innovations and Interdisciplinary Solutions for Underserved Areas
